Aquatic restoration in Canada / (Record no. 15677)

000 -LEADER
fixed length control field 00448nam a2200169Ia 4500
020 ## - INTERNATIONAL STANDARD BOOK NUMBER
ISBN 9057820498
040 ## - CATALOGING SOURCE
Transcribing agency OUN
082 ## - DEWEY DECIMAL CLASSIFICATION NUMBER
Classification number 628 BAC 1999 A056 Or.
245 00 - TITLE STATEMENT
Title Aquatic restoration in Canada /
260 ## - PUBLICATION, DISTRIBUTION, ETC. (IMPRINT)
Place of publication Leiden, Netherlands :
Name of publisher Backhuys,
Year of publication 1999
300 ## - PHYSICAL DESCRIPTION
Number of Pages xi, 211 p. :
Other physical details ill. (some col.), maps ;
Dimensions 25 cm
650 #0 - SUBJECT ADDED ENTRY--TOPICAL TERM
Topical Term Lake renewal
650 #0 - SUBJECT ADDED ENTRY--TOPICAL TERM
Topical Term Wildlife reintroduction
700 1# - ADDED ENTRY--PERSONAL NAME
Personal name Murphy, Tom
700 1# - ADDED ENTRY--PERSONAL NAME
Personal name Munawar, M
942 ## - ADDED ENTRY ELEMENTS (KOHA)
Koha item type សៀវភៅភាសាអង់គ្លេស
952 ## - LOCATION AND ITEM INFORMATION (KOHA)
Withdrawn status [LOCAL, KOHA] 0
Holdings
Permanent Location Date acquired Koha item type Lost status Shelving location Barcode Current Location Full call number
Library Block A2017-12-05សៀវភៅភាសាអង់គ្លេស A056A14388Library Block A628 BAC 1999 A056 Or.
មជ្ឈមណ្ឌលឯការនៃសាកលវិទ្យាល័យភូមិន្ទកសិកម្មចំការដូង

Powered by Koha